00389nam a2200133Ia 4500008004100000020001800041041000800059082001300067100002200080245006500102260005800167300001700225365001300242210423s2010 xx 000 0 und d a9788126913848 aeng a823 BISS aBISWAS (Sravani). aStudy of R K Narayans novels: a celebration of the carnival. aNew DelhibAtlantic Publishers and Distributorsc2010 aviii,238bPB b595cINR